Cat Breeds Quiz Stats

 Plays Quiz not verified by Sporcle

Score 0/17 Timer 06:00
0 Plays Today
% Correct
Japanese Bobtail
80.7%
Sphinx
78.7%
Bengal
76.6%
Scottish Fold
67.8%
Abyssinian
61.4%
Maine Coon
55.5%
Persian
55.4%
American Curl
54.4%
Ragdoll
53.7%
% Correct
British Shorthair
49.4%
Himalayan
49.1%
Devon Rex
47.5%
Snowshoe
47.2%
Suphalak
44.1%
Javanese
41.4%
Egyptian Mau
33.6%
Turkish Angora
31.2%

You're not logged in!

Compare scores with friends on all Sporcle quizzes.
OR
Log In

Show Comments

Extras

Top Quizzes Today


Score Distribution

Your Account Isn't Verified!

In order to create a playlist on Sporcle, you need to verify the email address you used during registration. Go to your Sporcle Settings to finish the process.

Report this User

Report this user for behavior that violates our Community Guidelines.

Details: